| 000 | 00857nam a22002777a 4500 | ||
|---|---|---|---|
| 003 | CHAP | ||
| 005 | 20220329135222.0 | ||
| 008 | 971013s1911 r 00010 d | ||
| 010 | _a32821 | ||
| 011 | _a33793 | ||
| 035 | _a37909 | ||
| 040 | _cCHAP | ||
| 082 |
_a349.72 _bC6 |
||
| 100 | 0 | 0 |
_aLópez Moctezuma, José. _968129 |
| 245 | _aHistoria y legislación de las vías férreas en México | ||
| 260 |
_aMéxico : _bTip, Vda. de F. Díaz de León, _c1911 |
||
| 300 | _a16 p. | ||
| 500 | _aEn: Concurso científico y artístico del centenario | ||
| 590 |
_aBATCH-UPD _b10 _c20130110 _lUCH01 _h0014 |
||
| 590 |
_aBATCH-UPD _b10 _c20130409 _lUCH01 _h1952 |
||
| 590 |
_aBATCH-UPD _b10 _c20130914 _lUCH01 _h1733 |
||
| 590 |
_aCONVERSION _b10 _c20130109 _lUCH01 _h1318 |
||
| 901 | _aBK | ||
| 942 | _cLIBRO | ||
| 949 |
_a349.72 C6 _bBC _cBPP _d-86865 _eBPP _i37909 _si |
||
| 999 |
_c32821 _d32821 |
||